01431nam a22002537a 450000500170000000800410001702000150005804000070007304100120008008200230009210000250011524500260014026000330016630000350019936500320023452005930026665000590085965000610091865000310097970000270101094200120103799900190104995201090106820220715152113.0220715b ||||| |||| 00| 0 eng d a8129100681 cAL aEnglish 223a305.6946bSINT aGurmukh Singh950058 aRise of Sikhs Abroad  aNew DehlibRupa and Coc2003 axiii,285 p.bHBc28.5x21.5 cm. b₹2500.00c₹d₹2500.00 aThis glossy coffee - table book captures in vivid detail the rise of the Sikhs as a global community. The Sikhs started migrating to various corners of the globe from about the end of the 19th century. However, today they occupy a place of pride in their adopted lands owing to their sterling success in fields as diverse as politics, business, entertainment and administration. The lucid style of writing, combined with exhaustive research conducted across various parts of the world, makes this book an important tool in assessing the success of this enterprising and global community.  aSikhs -- Foreign countries -- Social conditions950059 aSikhs -- Foreign countries -- Economic conditions950060 aGurmukh Singh, 1958950061 aSINGH (Gurmukh)950062 2ddccGF c223838d223838 00102ddc40708SOCaALbALd2013-03-23l0o305.6946 SINTpGF01027r2022-07-15 00:00:00w2022-07-15yGF